| 000 | 00494nam a2200157 a 4500 | ||
|---|---|---|---|
| 001 | 000039016 | ||
| 005 | 20201002031447.0 | ||
| 008 | 130513s2012 dr 000 0 spa d | ||
| 020 | _a9789945165227 | ||
| 040 |
_aDO-SdBNP _bspa _cBNPHU |
||
| 100 | 1 |
_aTapounet Loinaz, Vicente _965263 |
|
| 245 | 1 | 3 |
_aLa doctrina de Jesús / _cVicente Tapounet Loinaz. |
| 260 |
_aSanto Domingo : _bBúho, _c2012. |
||
| 300 |
_a113 p. ; _c23 cm. |
||
| 500 | _aIncluye datos biográficos del autor en la contracubierta | ||
| 999 |
_c38506 _d38506 |
||